000 00650nam a2200193 a 4500
001 0210
005 20140414131853.0
008 040819s19uu xx 00 eng d
020 _a0-85921-228-9
050 _aM 738.142
_bOl8 1998
100 _aOlsen, Jane
245 _aWorking with playdough /
_cJane and Scarlet Olsen.
260 _aAustralia :
_bMcGregor Publishers,
_c1998.
300 _a31 p. : ill. ; cm.
520 _aPlaydough links together developmental skills through language, mathematics, science, social studies and art using manipulative and creative.
526 _aGrade 2
650 _aModeling and casting.
999 _c110320
_d110320